Victor Victoria /

Na minha lista:
Detalhes bibliográficos
Outros Autores: Garner, James, Preston, Robert, Andrews, Julie, Mancini, Henry
Formato: Slides
Idioma:Língua italiana
Publicado em: [Italia] : Warner Home Video Italia [distributore], 1993
Colecção:Gli scudi
Tags: Adicionar Tag
Sem tags, seja o primeiro a adicionar uma tag!

MARC

LEADER 00000ngm a22000007i 4500
001 IT\ICCU\UBO\1267964
003 ItRI
005 20260124182844.0
008 010419s1993 it |||||||||||||||k|||||c
028 4 2 |a PIV 50151 
040 |b ita 
041 7 |a ita  |2 ISO-639-2 
130 0 |a Victor Victoria <film ; 1982>  |3 IT\ICCU\CAG\0688341 
245 0 0 |a Victor Victoria /  |c directed by Blake Edwards ; screenplay by Blake Edwards ; original music by Henry Mancini. 
246 1 3 |a Victor Victoria <videoregistrazione>  |9 IT\ICCU\CAG\0869671 
260 |a [Italia] :  |b Warner Home Video Italia [distributore],  |c 1993 
300 |a 1 videocassetta (VHS) (ca. 134 min.) :  |b color., son. (PAL), son 
500 |a Interpreti: Julie Andrews, James Garnier, Robertr Preston 
500 |a Produttore: Blake Edwards and Tony Adams 
500 |a Ripr. del film del 1982 
500 |a Vietato ai minori di 14 anni 
500 |a Descrizione basata sul contenitore. 
700 1 |a Garner, James  |0 IT\ICCU\MILV\234020 
700 1 |a Preston, Robert  |0 IT\ICCU\RAVV\088677 
700 1 |a Andrews, Julie  |0 IT\ICCU\RAVV\088791 
700 1 |a Mancini, Henry  |0 IT\ICCU\RAVV\088961 
790 1 |a Edwards, Julie,  |d  (1935- )  |3 IT\ICCU\RAVV\505906  |z Andrews, Julie 
790 1 |a Edwards, Julie Andrews  |3 IT\ICCU\RAVV\505908  |z Andrews, Julie 
830 4 |a Gli scudi  |0 IT\ICCU\UFI\0113162 
942 |2 ddc  |c VM  |n 0 
952 |0 0  |1 0  |4 0  |6 VO_26_000000000000000  |7 0  |9 27046  |a BO  |b BO  |d 2026-01-24  |i 6158  |l 0  |o VO 26  |p BO6158  |r 2026-01-24 18:28:44  |w 2026-01-24  |x [Sebina 5] [1 videocassetta]  |y VM  |z 1 videocassetta 
999 |c 22887  |d 22887